| 000 | 00589nam a2200181 4500 | ||
|---|---|---|---|
| 008 | 171215b xxu||||| |||| 00| 0 eng d | ||
| 020 | _a9710858793 | ||
| 082 |
_21995 _aDFil 150 _bK12 |
||
| 100 |
_925262 _aKahayon, Alicia, author. |
||
| 245 |
_aGeneral psychology / _cAlicia Kahayon, Gaudencio Aquino. |
||
| 250 | _aThird edition. | ||
| 260 |
_aMetro Manila : _bNational Book Store, _c©1995. |
||
| 300 |
_aviii, 423 pages : _c22 cm. |
||
| 500 | _aIncludes bibliographical references. | ||
| 650 | 0 |
_925264 _aPsychology. |
|
| 700 |
_925263 _aAquino, Gaudencio, author. |
||
| 942 |
_2ddc _cDFIL |
||
| 999 |
_c8162 _d8162 |
||